|
|
|
|
| LEADER |
00000cam a2200000 7i4500 |
| 001 |
0000002083 |
| 005 |
20151106.0 |
| 020 |
|
|
|a 9971700034
|
| 040 |
|
|
|a INS
|
| 090 |
0 |
0 |
|a RKPG3934.A3
|b J35 1997
|
| 100 |
1 |
|
|a Jain, M. P.
|
| 245 |
1 |
0 |
|a Administrative law of Malaysia and Singapore
|c M. P. Jain
|
| 250 |
|
|
|a 3rd. ed.
|
| 260 |
|
|
|a Singapore :
|b Malayan Law Journal ,
|c 1997
|
| 300 |
|
|
|a 891p. :
|b ill. ;
|c 25cm.
|
| 500 |
|
|
|a Include index
|
| 650 |
0 |
0 |
|a Administrative law
|z Malaysia
|
| 650 |
0 |
0 |
|a Adminitrative law
|z Singapore
|
| 700 |
0 |
|
|a Mohamed Suffian
|f Tun Dr.
|
| 999 |
|
|
|a 0000000488
|b BOOK
|c Open Shelf
|e Default branch
|
| 999 |
|
|
|a 0000022752
|b BOOK
|c Open Shelf
|e Default branch
|